LEADER 01326nam a2200301 a 4500 001 000000130599 003 CaOOAMICUS 005 20121002134605.0 008 121002s2006 it u000 u ita r 020 $a88-308-0814-8 040 $aPUL$bita 082 04$a222 100 1 $aSerafini, Filippo,$d1965-$0(OLS)http://pul/name/83700 245 12$aL'alleanza levitica :$bstudio della berīt di Dio con i sacerdoti leviti nell'Antico Testamento /$cFilippo Serafini. 260 $aAssisi :$bCittadella,$c2006. 300 $a466 p. ;$c21 cm. 490 1 $aStudi e ricerche.$aSezione biblica 504 $aBibliografia p. [413]-448. 630 04$aBiblia.$pV.T.$pLeviticus.$0(OLS)http://pul/subject/17513 830 0$aStudi e ricerche (Cittadella).$pSezione biblica.$0(OLS)http://pul/title/146188 850 $aPUL 852 $aPUL$W1$xSL Religione 3$y85$m222 SERFI 1$j151036$qDDC 21$q $B149728$CPULBib$Z2$F149728 $H103618 $81 941 1 $a9 996 $6020$a88-308-0814-8$9(OLS)http://pul/number/150666 996 $6082$a222$9(OLS)http://pul/classification/563 996 $6245$aL'alleanza levitica :$bstudio della berīt di Dio con i sacerdoti leviti nell'Antico Testamento$9(OLS)http://pul/title/165055 996 $6260$aAssisi :$bCittadella$9(OLS)http://pul/publisher/49668 LEADER 01311nam a2200289 u 4500 001 000000114612 003 CaOOAMICUS 005 20090216170847.0 008 090216s2009 it u000 u ita r 020 $z978-88-315-3455-0* 040 $aPUL$bita$dLDB 245 00$aEbrei e cristiani : duemila anni di storia :$bla sfida del dialogo /$cEnzo Bianchi ... [et al.] ; a cura di Piero Stefani. 260 $aMilano :$bPaoline,$cc2009. 300 $a296 p. ;$c22 cm 490 1 $aEcumenismo e dialogo ;$v04 504 $aBibliografia in nota. 650 4$aCristianesimo e altre religioni$xGiudaismo.$0(OLS)http://pul/subject/2372 700 1 $aBianchi, Enzo,$d1943-$0(OLS)http://pul/name/26766 700 1 $aStefani, Piero,$d1949-$0(OLS)http://pul/name/25195 830 0$aEcumenismo e dialogo ;$v04.$0(OLS)http://pul/title/64586 850 $aPUL 852 $aPUL$W1$xSL Religione 3$y85$m296 STEPI 1$j131042$qDDC 21$B130046$CPULBib$Z2$F130046 $H109482 $82 941 1 $a9 960 $aGiudaismo$xRelazioni$xCristianesimo$92372 996 $6020$z978-88-315-3455-0*$9(OLS)http://pul/number/139708 996 $6245$aEbrei e cristiani : duemila anni di storia :$bla sfida del dialogo$9(OLS)http://pul/title/144024 996 $6260$aMilano :$bPaoline$9(OLS)http://pul/publisher/60808